000 00224nam a22000977a 4500
999 _c519829
_d519829
082 _aTNC Q5 R684
100 _aRopke, Wilhelm
_931049
245 _aWelfare freedom and inflation
260 _aLondon
_bPall Mall
300 _a70p.